000 00576nam a2200217Ia 4500
005 20260429111912.0
008 260429s9999||||xx |||||||||||||| ||und||
020 _a9789360848552
041 _aEnglish
082 _a658.872
_bBIJ
100 _aBijudas, C.R.
245 0 _aFundamentals of E-marketing /
_cC.R. Bijudas
260 _aNew Delhi :
_bWordpen Academics,
_c2026.
300 _ax, 280 p.; hb
650 _a E-marketing
650 _a Online marketing
650 _a Telemarketing
650 _aMarketing management
700 _a Rao, Aparna
942 _cTB
999 _c51349
_d51349